01527nam a2200145 4500008001500000020001700015082002000032100003200052245008300084260004700167300003400214440010100248505095400349650007801303709.972.85 Q7z a789968899390 a709.972.85bQ7z aQuintanilla Armijo, Raúl  aZona de turbulencia:barte en Nicaragua, de la revolución al neoliberalismo  aSan José, Costa RicabTEOR/éTicac2019 a240 p.bil. (col)c16 x 22 cm aEscrituras locales. Posiciones críticas desde América Central, el Caribe y sus diásporas 4 tPresentación rTEOR/éTicatCrear tempestades rMiguel A. López tApertura de la nueva Escuela de Arte Mural (1985)tFormación de una nueva generación en la plástica nacional (1987)tPintura primitiva y peligro comercial (1987)tUna necesidad inmediata: la innovación de la imagen y los medios de expresión en nuestra plástica nacional (1988)tUn diálogo suspendido: la revolución nicaragüense y las artes plásticas (1992-1993)tLa invisibilización de...(la cultura nicaragüense) (1994)tTolerancia y hambre. Pequeños problemas para la Kooltura oficial (1997)tLos noventa en Nicaragua (2001)tMemorias de otro olvido. El taller de Gráfica Experimental Boanerges Cerrato en Nicaragua (2001)tSobreviviendo a la ¨democracia¨ en la periferia del culo del Diablo (2002)tContra una actitud profundamente elitista hacia el arte. Una conversación con Raúl Quintanilla Armijo rMiguel A. López tGlosario de siglas xarte contemporáneo xNicaragua xarte y sociedad - Nicaragua xhistoria